Die 10 Länder mit dem größten GDP im Mittleren Osten - Statistiken

Allgemein
  • Dieses Quiz wurde 105 mal gespielt
  • Das Durchschnittsergebnis liegt bei 9 aus 10
Antwortstatistiken
GDP in Millionen US-Dollar Land % Korrekt
683.827 Saudi-Arabien
99%
431.920 Iran
95%
74.274 Oman
95%
377.435 Vereinigte Arabische Emirate
94%
166.346 Katar
91%
350.609 Israel
90%
120.351 Kuwait
90%
40.487 Jordanien
82%
51.457 Libanon
82%
40.670 Aserbaidschan
33%
Keine übereinstimmenden Quizze gefunden
Verteilung der Resultate
Anzahl Personen mit jedem Resultat
Perzentil nach korrekt beantworteten Fragen
Ihre Resultats-Entwicklung
Sie haben dieses Quiz noch nicht gespielt